| 000 | 00496 a2200169 4500 | ||
|---|---|---|---|
| 999 |
_c32237 _d32237 |
||
| 003 | OSt | ||
| 005 | 20260402131758.0 | ||
| 008 | 260402b ||||| |||| 00| 0 eng d | ||
| 020 | _a9780143064268 | ||
| 040 | _c. | ||
| 082 |
_a658.11 _bB1443 |
||
| 100 |
_96726 _aBagchi, Subroto |
||
| 245 |
_aThe High-Performance Entrepreneur: Golden Rules for Success in Today's World / _cSubroto Bagchi |
||
| 260 |
_bPenguin Books India Pvt. Ltd, _aNew Delhi : _c2008. |
||
| 300 | _ax, 244 p. | ||
| 942 |
_2ddc _cBK |
||